[Event "Saint John op-2"]
[Site "Saint John"]
[Date "1988.??.??"]
[Round "?"]
[White "Velikov, Petar"]
[Black "Cooper, John Grantley"]
[Result "1-0"]
[WhiteElo "2475"]
[BlackElo "2380"]

1.Nf3 Nf6 2.c4 g6 3.g3 Bg7 4.Bg2 O-O 5.O-O c5 6.d4 cxd4 7.Nxd4 Nc6 8.Nc3 Qb6
9.Nb3 d6 10.Be3 Qb4 11.c5 Be6 12.cxd6 Rfd8 13.Qc1 exd6 14.Qd1 a5 15.Bd2 a4
16.Nc1 Qc4 17.Nd3 Qa6 18.Rc1 Bc4 19.Nf4 d5 20.b3 d4 21.Nxa4 Bb5 22.Nc5 Qb6
23.a4 Ba6 24.Nxa6 bxa6 25.Rxc6  1-0

[Event "Saint John op-2"]
[Site "Saint John"]
[Date "1988.??.??"]
[Round "?"]
[White "Velikov, Petar"]
[Black "Henao, Raul Fernando"]
[Result "1-0"]
[WhiteElo "2475"]
[BlackElo "2345"]

1.Nf3 Nf6 2.c4 g6 3.g3 Bg7 4.Bg2 O-O 5.O-O d5 6.d4 c6 7.cxd5 cxd5 8.Nc3 e6
9.Ne5 Nfd7 10.f4 f6 11.Nf3 Nc6 12.Be3 Nb6 13.Bf2 f5 14.h3 Nc4 15.b3 Nd6 16.Ne5 Bd7
17.Qd2 Ne4 18.Nxe4 fxe4 19.h4 Qe7 20.g4 Be8 21.Rac1 Qb4 22.Qe3 Nxe5 23.dxe5 Bc6
24.Rfd1 Rad8 25.Rd4 Qa3 26.Qd2 Rf7 27.Be3 Bf8 28.Qc2 Rc8 29.Rdd1 a5 30.g5 h6
31.Qb1 hxg5 32.hxg5 Rh7 33.Kf2 Rcc7 34.Kg3 Rcf7 35.Bh3 Qe7 36.Rh1 Rh8 37.Bg2 Rfh7
38.Rxh7 Rxh7 39.Qc2 Qd7 40.Bd4 a4 41.Bh3 axb3 42.axb3 Rh8 43.Rh1 Bb4 44.Qd1 Kf8
45.Bg4 Rxh1 46.Qxh1 Qf7 47.Qh8+ Ke7 48.e3 Qe8 49.Qf6+ Kd7 50.Qg7+ Kc8 51.Bb6 Bd7
52.Qh7 Be7 53.Qh1 Bd8 54.Qc1+ Bc6 55.Qc5 Bxb6 56.Qxb6 Kb8 57.Qc5 Qh8 58.Qd6+ Ka7
59.Qa3+ Kb8 60.Qd6+ Ka7 61.Qc5+ Kb8 62.Kg2 Qh4 63.Bxe6 Qe1 64.Bg4 Qd2+ 65.Kf1 Bb5+
66.Qxb5 Qxe3 67.Qe2 Qxf4+ 68.Kg1 Qg3+ 69.Kh1 Qh4+ 70.Kg2 Qxg5 71.e6 Kc7 72.Kh3 Kd8
73.Qf2 Qc1 74.Qf8+ Kc7 75.e7 Qh1+ 76.Kg3 Qe1+ 77.Qf2  1-0

[Event "Wch-blitz"]
[Site "Saint John"]
[Date "1988.??.??"]
[Round "3"]
[White "Vaganian, Rafael A"]
[Black "Wilder, Michael"]
[Result "1-0"]
[WhiteElo "2625"]
[BlackElo "2535"]

1.Nf3 Nf6 2.c4 g6 3.g3 Bg7 4.Bg2 O-O 5.O-O d6 6.Nc3 e5 7.d3 Nbd7 8.Rb1 a5
9.a3 c6 10.b4 d5 11.Bg5 d4 12.Ne4 h6 13.Bxf6 Nxf6 14.Nxf6+ Qxf6 15.Nd2 Qe7
16.Qb3 Kh7 17.bxa5 Rxa5 18.Qb4 Qd8 19.Nb3 Ra8 20.a4 f5 21.a5 Rf7 22.Ra1 Bf8
23.Qb6 Qe8 24.a6 Bg7 25.Nc5  1-0

[Event "Sarajevo"]
[Site "Sarajevo"]
[Date "1988.??.??"]
[Round "?"]
[White "Ninov, Kiril"]
[Black "Dizdar, Goran"]
[Result "1/2-1/2"]
[WhiteElo "2495"]
[BlackElo "2490"]

1.Nf3 Nf6 2.g3 g6 3.c4 Bg7 4.Bg2 O-O 5.d4 d6 6.O-O c6 7.b3 e5 8.Nc3 e4 9.Ne1 d5
10.Nc2 Na6 11.a4 Re8 12.cxd5 cxd5 13.b4 Nc7 14.Bf4 Be6 15.b5 Nh5 16.Be3 f5  1/2-1/2

[Event "Sarajevo"]
[Site "Sarajevo"]
[Date "1988.??.??"]
[Round "?"]
[White "Ninov, Kiril"]
[Black "Gunawan, Ronny"]
[Result "1/2-1/2"]
[WhiteElo "2495"]
[BlackElo "2440"]

1.Nf3 Nf6 2.c4 g6 3.g3 Bg7 4.Bg2 O-O 5.O-O d6 6.d4 a6 7.Nc3 Nc6 8.Bd2 Bg4
9.d5 Bxf3 10.exf3 Nd4 11.f4 c5 12.dxc6 Nxc6 13.Rc1 Rc8 14.b3 Nd7 15.Re1 Nc5
16.Be3 Qa5 17.Qd2 Rfd8 18.Red1 e6 19.Ne4 Nb4 20.a3 Nxe4 21.Bxe4  1/2-1/2

[Event "Sarajevo"]
[Site "Sarajevo"]
[Date "1988.??.??"]
[Round "?"]
[White "Dizdarevic, Emir"]
[Black "Kozul, Zdenko"]
[Result "1-0"]
[WhiteElo "2485"]
[BlackElo "2470"]

1.c4 Nf6 2.Nf3 g6 3.g3 Bg7 4.Bg2 O-O 5.O-O c6 6.d4 d5 7.Qb3 Qb6 8.Nc3 Qxb3
9.axb3 Rd8 10.Rd1 Be6 11.Ne5 Ne8 12.Bf4 Nf6 13.Ra5 dxc4 14.bxc4 Nbd7 15.Nxd7 Bxd7
16.Rda1 Be8 17.Rxa7 Rxa7 18.Rxa7 Rxd4 19.Rxb7 Kf8 20.c5 Rc4 21.Be3 Ng4 22.Rb8 Be5
23.Ra8 Nxe3 24.Bxc6 Rxc5 25.Bxe8 Bxc3 26.bxc3 Nd5 27.Bc6+ Kg7 28.Bxd5 Rxd5
29.Ra2 Rd1+ 30.Kg2 Rc1 31.Ra3 f5 32.h4 e5 33.Kf3 h6 34.Ra7+ Kf6 35.Ra6+ Kf7
36.Rc6 Rc2 37.Ke3 e4 38.f3 exf3 39.exf3 Rg2 40.Kf4 h5 41.c4 Rc2 42.Kg5 Rg2
43.Kf4 Rc2 44.Ke5 Re2+ 45.Kf4 Rc2 46.Kg5 Rg2 47.Rc7+ Ke6 48.Kf4 Rc2 49.c5 Rc3
50.c6 Rc4+ 51.Kg5 Rc3 52.Rg7 Rxf3 53.Rxg6+ Kf7 54.Kxh5 f4 55.g4 Rc3 56.g5 f3
57.Kh6 f2 58.Rf6+ Kg8 59.Rxf2 Rxc6+ 60.g6 Rc4 61.h5 Rc5 62.Ra2 Rc8 63.Ra5  1-0

[Event "Sarajevo"]
[Site "Sarajevo"]
[Date "1988.??.??"]
[Round "?"]
[White "Ninov, Kiril"]
[Black "Kozul, Zdenko"]
[Result "1/2-1/2"]
[WhiteElo "2495"]
[BlackElo "2470"]

1.Nf3 Nf6 2.c4 g6 3.g3 Bg7 4.Bg2 O-O 5.O-O c6 6.d4 d6 7.b3 Bf5 8.Bb2 Qc8
9.Re1 Re8 10.Nbd2 Ne4 11.Nh4 Nxd2 12.Nxf5 Qxf5 13.Qxd2 e5 14.d5 c5 15.e4 Qd7
16.a4 Na6 17.f4 Bh6 18.Qc3 Nb4 19.f5 gxf5 20.Bh3 Qe7 21.Bxf5 Kh8 22.Re2 Rg8
23.Qf3 Rg7 24.Bc3  1/2-1/2

[Event "Schoeneck op"]
[Site "Schoeneck"]
[Date "1988.??.??"]
[Round "4"]
[White "Gutman, Lev"]
[Black "Alber, Horst"]
[Result "1/2-1/2"]
[WhiteElo "2490"]
[BlackElo "2350"]

1.Nf3 Nf6 2.g3 g6 3.Bg2 Bg7 4.c4 O-O 5.d4 d6 6.O-O Nbd7 7.Nc3 e5 8.e4 c6
9.h3 Qa5 10.Qd2 Re8 11.Rd1 exd4 12.Nxd4 Nc5 13.Nc2 Ne6 14.b4 Qh5 15.Rb1 a5
16.a3 axb4 17.axb4 Nd7 18.g4 Qh4 19.Ne1 Ne5 20.Ne2 Nxc4 21.Qd3 Ne5 22.Qb3 c5
23.Rxd6 Nd4 24.Nxd4 cxd4 25.Rxd4 Nxg4 26.Rd2 Ne5 27.Nf3 Nxf3+ 28.Qxf3 Be6
29.Bb2 Bxb2 30.Rdxb2 Qg5 31.Re1 Rad8 32.Qe3 Qxe3 33.Rxe3 Rd1+ 34.Kh2 Red8
35.Kg3 g5 36.h4 h6 37.hxg5 hxg5 38.Bf3 Rg1+ 39.Kh2 Rc1 40.e5 b6 41.Bg2 Kg7
42.Kg3 Rd4 43.Re4 Rc3+ 44.Kh2 Rh3+ 45.Bxh3 Rxe4 46.Bf1 Rxe5 47.Rc2 Re1 48.Bc4 Bxc4
49.Rxc4 Rb1 50.Kg3 b5 51.Rd4 Kg6 52.Kf3 f5 53.Rd6+ Kh5 54.Rd5 Rb3+ 55.Kg2 Rxb4
56.Rxf5 Kg4 57.Rf6 Rb2 58.Rd6 b4 59.Rc6 Kf5 60.Rc5+ Kg4 61.Rc4+ Kh5 62.Rd4 b3
63.Rb4 Rb1  1/2-1/2

[Event "URS-FL56"]
[Site "Simferopol"]
[Date "1988.??.??"]
[Round "?"]
[White "Kharitonov, Andrei Y"]
[Black "Yermolinsky, Alex"]
[Result "1/2-1/2"]
[WhiteElo "2550"]
[BlackElo "2460"]

1.Nf3 Nf6 2.c4 g6 3.g3 Bg7 4.Bg2 O-O 5.O-O d5 6.cxd5 Nxd5 7.d4 Nb6 8.Nc3 Nc6
9.e3 Re8 10.d5 Na5 11.Nd4 Bd7 12.e4 c6 13.b3 cxd5 14.exd5 e6 15.dxe6 Bxe6
16.Be3 Bd5 17.Rc1 Bxg2 18.Kxg2 Nd5 19.Nxd5 Qxd5+ 20.Qf3 Rad8 21.Rfd1 a6 22.Qxd5 Rxd5
23.Nf3 Rxd1 24.Rxd1 Nc6  1/2-1/2

[Event "Stara Pazova"]
[Site "Stara Pazova"]
[Date "1988.??.??"]
[Round "11"]
[White "Romanishin, Oleg M"]
[Black "Kosanovic, Goran A"]
[Result "0-1"]
[WhiteElo "2550"]
[BlackElo "2395"]

1.Nf3 Nf6 2.c4 g6 3.g3 Bg7 4.Bg2 O-O 5.d4 d6 6.O-O Nc6 7.Nc3 a6 8.b3 Rb8
9.Nd5 Bg4 10.Bb2 Qd7 11.Qd2 Ne4 12.Qc1 e6 13.Ne3 Bxf3 14.exf3 Nf6 15.d5 Ne7
16.Bc3 e5 17.Qb2 Nh5 18.Rfe1 f5 19.Bh3 Kh8 20.c5 b6 21.c6 Qd8 22.Rad1 Ng8
23.Qe2 Ra8 24.Ng2 Rf7 25.Bd2 Qf8 26.Qc4 Bh6 27.f4 exf4 28.Nxf4 Nxf4 29.Bxf4 Bxf4
30.Qxf4 Re7 31.Bf1 a5 32.Rxe7 Qxe7 33.Rd3 Qf7 34.Re3 Nf6 35.Qd4 Kg7 36.Re6 Re8
37.Bc4 Rxe6 38.dxe6 Qe7 39.Bd5 Kf8 40.h3 Qg7 41.Bc4 Ne8 42.Qh4 g5 43.Qh5 Qg6
44.Qe2 Ke7 45.b4 axb4 46.Bb3 Nf6 47.Qa6 Qe8 48.Qb5 Qg6 49.Bc2 Ne4 50.g4 Qxe6
51.gxf5 Nc3 52.Qxb4 Qe5 53.Qg4 h6 54.f6+ Kxf6 55.Qc8 Ne2+ 56.Kf1 Nf4 57.Qf8+ Ke6
58.Qg8+ Ke7 59.Qh7+ Kf8 60.Qxh6+ Qg7 61.Qxg7+ Kxg7 62.Bf5 Kf6 63.Bd7 Ke5
64.Ke1 d5 65.Kd2 d4 66.f3 Kd5 67.Kc2 Kc4 68.Bf5 Kb5 69.Bd7 Kb4 70.Bf5 Ka3
71.Kb1 d3 72.Bc8 Kb4  0-1

[Event "Rilton Cup"]
[Site "Stockholm"]
[Date "1988.??.??"]
[Round "?"]
[White "Lindemann, Sven"]
[Black "Evertsson, Lennart"]
[Result "1-0"]
[WhiteElo "2345"]
[BlackElo "2200"]

1.Nf3 Nf6 2.g3 g6 3.Bg2 Bg7 4.c4 O-O 5.O-O c6 6.Nc3 d5 7.cxd5 cxd5 8.d4 Nc6
9.Ne5 e6 10.f4 Ne7 11.Be3 Ne8 12.Qb3 Nd6 13.a4 f6 14.Nf3 Nc4 15.Bf2 f5 16.Rfd1 Nc6
17.Ne5 N4a5 18.Qa3 Re8 19.b3 Bf8 20.Qb2 Bd7 21.Bf3 a6 22.Kh1 Rc8 23.g4 Nxe5
24.dxe5 fxg4 25.Bxg4 Bc5 26.e3 Qb6 27.Ne4 Be7 28.Rab1 Rc7 29.Nf6+ Bxf6 30.exf6 Qd6
31.Be1 Nc6 32.Bf3 Qc5 33.Qf2 Nd8 34.Qg1 Nf7 35.Bg3 Rcc8 36.Bf2 Qc3 37.Rd4 e5
38.Rxd5 Bc6 39.f5 g5 40.h4 e4 41.Rd4 exf3 42.hxg5 Qxe3 43.Rh4 Re4 44.Rh5 Qxf2
45.Qxf2 Re2 46.Qf1 Rce8 47.g6 Re1 48.Rxh7 Ng5 49.f7+ Nxf7 50.gxf7+ Kxh7 51.fxe8=Q Rxf1+
52.Rxf1 Bxe8 53.Rxf3 Bc6 54.Kg2 b5 55.a5 Kg7 56.Kg3 Kf6 57.Rc3 Bd5 58.Kf4 b4
59.Rd3 Bf7 60.Rd6+  1-0

[Event "Tel Aviv"]
[Site "Tel Aviv"]
[Date "1988.??.??"]
[Round "?"]
[White "Csom, Istvan"]
[Black "Shrentzel, Israel"]
[Result "1/2-1/2"]
[WhiteElo "2495"]
[BlackElo "2385"]

1.c4 Nf6 2.Nf3 g6 3.g3 Bg7 4.Bg2 O-O 5.d4 d6 6.Nc3 Nbd7 7.O-O e5 8.b3 Re8
9.e4 a6 10.Re1 Rb8 11.Bb2 exd4 12.Nxd4 c5 13.Nc2 Ne5 14.h3 Nh5 15.Ne3 b5
16.cxb5 axb5 17.Re2 c4 18.Ncd5 Bb7 19.Rb1 Bxd5 20.Nxd5 Nf6 21.Rc2 Nxd5 22.Qxd5 Qb6
23.Bc1 Qa6 24.Be3 Rec8 25.Bf1 cxb3 26.Rxc8+ Rxc8 27.axb3 Qa2 28.Rd1 b4 29.Bg2 h5
30.Qb7 Rc3 31.Qxb4 h4 32.g4 Rd3 33.Rxd3 Qb1+ 34.Bf1 Nf3+ 35.Kg2 Ne1+ 36.Qxe1 Qxe1
37.Rxd6 Qb4 38.Rd8+ Kh7 39.Bc4 Qe7 40.Rd3 Qxe4+ 41.f3 Qe5 42.Bf2  1/2-1/2

[Event "Tel Aviv"]
[Site "Tel Aviv"]
[Date "1988.??.??"]
[Round "?"]
[White "Csom, Istvan"]
[Black "Enoshi, Arik"]
[Result "1-0"]
[WhiteElo "2495"]
[BlackElo "2255"]

1.c4 Nf6 2.Nf3 g6 3.g3 Bg7 4.Bg2 O-O 5.d4 d6 6.Nc3 a6 7.O-O Nc6 8.Qd3 Bf5
9.e4 Bg4 10.d5 Bxf3 11.Qxf3 Nd4 12.Qd1 Nd7 13.Be3 c5 14.dxc6 Nxc6 15.Rc1 Qa5
16.a3 Rac8 17.f4 Rfd8 18.Rf2 b5 19.cxb5 axb5 20.Nd5 Kf8 21.Rd2 Na7 22.Rxc8 Nxc8
23.Nb4 Qa4 24.Qxa4 bxa4 25.Nc6 Re8 26.e5 Ndb6 27.Rd4 dxe5 28.fxe5 e6 29.Rb4 Nd7
30.Bd4 f6 31.exf6 Bxf6 32.Rxa4 e5 33.Be3 Ne7 34.Ra7 Nb8 35.Nxb8 Rxb8 36.b4 Nf5
37.Bc5+ Kg8 38.Bd5+ Kh8 39.a4 Nd4 40.b5  1-0

[Event "Thessaloniki ol (Men)"]
[Site "Thessaloniki"]
[Date "1988.??.??"]
[Round "3"]
[White "Miralles, Gilles"]
[Black "Ginting, Nasib"]
[Result "1/2-1/2"]
[WhiteElo "2405"]
[BlackElo "2385"]

1.Nf3 Nf6 2.c4 g6 3.g3 Bg7 4.Bg2 O-O 5.O-O d6 6.d4 Nc6 7.Nc3 a6 8.h3 Nd7
9.Bg5 h6 10.Be3 e5 11.Qd2 Kh7 12.Rad1 Re8 13.dxe5 Ndxe5 14.Nxe5 Nxe5 15.b3 Be6
16.Nd5 Nc6 17.Nf4 Qe7 18.Bd5 Bf5 19.g4 Be4 20.Bxe4 Qxe4 21.Nd5 Rac8 22.Bxh6 Qxe2
23.Bxg7 Kxg7 24.Qc3+ Qe5 25.Rfe1 Qxc3 26.Nxc3 Rxe1+ 27.Rxe1 Ne5 28.Kg2 g5
29.Kg3 f6 30.a4 Kf7 31.Nd5 c6 32.Ne3 Rd8 33.Rd1 Ng6 34.Nf5 d5 35.cxd5 cxd5
36.h4 gxh4+ 37.Nxh4 Nxh4 38.Kxh4 d4 39.Kg3 Rc8 40.Kf4 Rc3 41.Rxd4 Rxb3 42.Ke4 b5  1/2-1/2

[Event "Thessaloniki ol (Men)"]
[Site "Thessaloniki"]
[Date "1988.??.??"]
[Round "4"]
[White "Pelts, Roman"]
[Black "Allen, Keith"]
[Result "1-0"]
[WhiteElo "2435"]
[BlackElo "2200"]

1.Nf3 Nf6 2.c4 g6 3.g3 Bg7 4.Bg2 O-O 5.d4 d5 6.cxd5 Nxd5 7.O-O Nc6 8.e4 Nb6
9.d5 Na5 10.Nc3 c6 11.Nd4 e6 12.Nb3 Nxb3 13.Qxb3 exd5 14.exd5 cxd5 15.Nxd5 Be6
16.Rd1 Nxd5 17.Bxd5 Bxd5 18.Rxd5 Qf6 19.Bg5 Qe6 20.Rad1 Bf6 21.Be3 b6 22.Qa3 Rfd8
23.Rxd8+ Bxd8 24.Qa6 Bf6 25.b3 Qe4 26.Rc1 Kg7 27.Rc4 Qd5 28.Rc7 Be5 29.Qb7 Qd1+
30.Kg2 Bxc7 31.Qxa8 a5 32.Qc6 Qd8 33.h4 h5 34.Qc3+ Kh7 35.Qc4 Qd7 36.a4 Kg8
37.Qe4 Qe6 38.Qb7 Bd8 39.Qa8 Qd6 40.Bf4 Qd7 41.Bg5  1-0

[Event "Thessaloniki ol (Men)"]
[Site "Thessaloniki"]
[Date "1988.??.??"]
[Round "5"]
[White "Rechlis, Gad"]
[Black "Ye Jiangchuan"]
[Result "1-0"]
[WhiteElo "2515"]
[BlackElo "2505"]

1.Nf3 Nf6 2.c4 g6 3.g3 Bg7 4.Bg2 O-O 5.O-O d5 6.cxd5 Nxd5 7.Nc3 Nc6 8.Nxd5 Qxd5
9.d3 Qd6 10.Bf4 e5 11.Be3 Nd4 12.Rc1 c6 13.Re1 Be6 14.Qa4 Bd5 15.Nxd4 exd4
16.Bf4 Qd7 17.Bxd5 Qxd5 18.b4 a6 19.Qa5 Rad8 20.Rc5 Qe6 21.a4 Rd7 22.Rc2 Bf6
23.Rb1 g5 24.Bc1 Bd8 25.Qc5 Re8 26.Rbb2 Qh3 27.b5 axb5 28.axb5 Rd5 29.Qa7 g4
30.Qxb7 Rh5 31.Qxc6 Qxh2+ 32.Kf1 Ree5 33.e3 Kg7 34.b6 Rd5 35.exd4 Qh1+ 36.Ke2 Qf3+
37.Kd2 Qxf2+ 38.Kc3 Qxd4+ 39.Kb3 Bxb6 40.Ka2 Ra5+  1-0

[Event "Thessaloniki ol (Men)"]
[Site "Thessaloniki"]
[Date "1988.??.??"]
[Round "9"]
[White "Shvidler, Eliahu"]
[Black "Fernandez Garcia, Jose L"]
[Result "1/2-1/2"]
[WhiteElo "2430"]
[BlackElo "2435"]

1.c4 Nf6 2.g3 g6 3.Nf3 Bg7 4.Bg2 O-O 5.Nc3 c5 6.O-O Nc6 7.d4 cxd4 8.Nxd4 Ng4
9.Nb3 d6 10.Bg5 h6 11.Bf4 Nge5 12.Bxe5 Nxe5 13.c5 dxc5 14.Qxd8 Rxd8 15.Rad1 Re8
16.Nxc5 Rb8 17.Nd5 b6 18.Nc7 Rf8 19.N5a6 Bxa6  1/2-1/2

[Event "Thessaloniki ol (Men)"]
[Site "Thessaloniki"]
[Date "1988.??.??"]
[Round "12"]
[White "Pelts, Roman"]
[Black "Shadarevian, Michael"]
[Result "1-0"]
[WhiteElo "2435"]
[BlackElo "2330"]

1.Nf3 Nf6 2.c4 g6 3.g3 Bg7 4.Bg2 O-O 5.O-O d5 6.d4 dxc4 7.Na3 c3 8.bxc3 c5
9.e3 Nc6 10.Nc4 Nd5 11.Bb2 Qc7 12.Qe2 Nb6 13.Nxb6 axb6 14.d5 Na5 15.Rfc1 b5
16.Qxb5 b6 17.Nd2 Ba6 18.Qa4 Ra7 19.Qc2 Nc4 20.Nxc4 Bxc4 21.a3 Qe5 22.e4 Rfa8
23.f4 Qc7 24.Re1 b5 25.Rad1 Rd8 26.h4 f6 27.Bh3 Qb6 28.Be6+ Kh8 29.Rd2 Qa5
30.h5 Bh6 31.hxg6 hxg6 32.Rh2 Kg7 33.Bc1 Qc7 34.Qf2 Rf8 35.g4 g5 36.Kg2 Raa8
37.Reh1 Rh8 38.fxg5 Bxg5 39.Bxg5 Qe5 40.Bh6+ Rxh6 41.Rxh6 Qxe4+ 42.Qf3 Qc2+
43.Kg3 Bd3 44.R6h2  1-0

[Event "Thessaloniki ol (Men)"]
[Site "Thessaloniki"]
[Date "1988.??.??"]
[Round "13"]
[White "Agudelo, Antonio"]
[Black "Vogt, Lothar"]
[Result "1/2-1/2"]
[WhiteElo "2330"]
[BlackElo "2485"]

1.Nf3 Nf6 2.g3 g6 3.c4 Bg7 4.Bg2 O-O 5.Nc3 d6 6.O-O e5 7.d3 c6 8.c5 Na6 9.cxd6 Qxd6
10.Ng5 Nc5 11.b4 Ne6 12.Rb1 Nd4 13.b5 Bd7 14.a4 Rac8 15.Bd2 Rfd8 16.Nce4 Nxe4
17.Nxe4 Qe7 18.bxc6 Bxc6 19.Bh3 Ra8 20.Bb4 Qc7 21.e3 f5 22.exd4 fxe4 23.Be6+ Kh8
24.dxe4 Rxd4 25.Qc2 a5 26.Bd2 Rxe4 27.Bd5 Rd4 28.Bxc6 Qxc6 29.Qxc6 bxc6 30.Bxa5 Rxa4
31.Bc3 R4a7 32.Rfe1 Re8 33.f4 Kg8 34.Bxe5 Bxe5 35.fxe5 Kf7 36.Rf1+ Kg7 37.Rbc1 Re6
38.Rf6 Rae7 39.Rxc6 Rxe5 40.Rf2  1/2-1/2

[Event "Tirnavia-B"]
[Site "Trnava"]
[Date "1988.??.??"]
[Round "9"]
[White "Brestian, Egon"]
[Black "Plachetka, Jan"]
[Result "1/2-1/2"]
[WhiteElo "2395"]
[BlackElo "2415"]

1.Nf3 Nf6 2.c4 g6 3.g3 Bg7 4.Bg2 O-O 5.O-O d6 6.d4 c6 7.Nc3 Qa5 8.d5 cxd5
9.cxd5 Na6 10.Nd4 Bd7 11.Nb3 Qd8 12.e4 Rc8 13.h3 Nc5 14.Nxc5 Rxc5 15.Be3 Rc4
16.Qb3 Qc8 17.Kh2 a5 18.Rfc1 Rb4 19.Qc2 Qa8 20.a3 Rc4 21.Bf1 Rcc8 22.a4 e6
23.dxe6 Bxe6 24.Qd3 Rfd8 25.Bg2 Nd7 26.Nd5 Nc5 27.Qb5 Bxd5 28.exd5 b6 29.Re1 Qb8
30.Re2 Bf6 31.Rae1 Kg7 32.h4 h5 33.Bh3 Rc7 34.Bg5 Nd7 35.Bxd7 Bxg5 36.Bc6 Bf6
37.Qd3 Qa7 38.Kg2 Re7 39.Rxe7 Bxe7 40.f4 Bf6 41.b3 Rc8 42.f5 Be5 43.Qe4 Qe7  1/2-1/2

[Event "Tirnavia-B"]
[Site "Trnava"]
[Date "1988.??.??"]
[Round "10"]
[White "Brestian, Egon"]
[Black "Pavlovic, Milos"]
[Result "1/2-1/2"]
[WhiteElo "2395"]
[BlackElo "2460"]

1.c4 Nf6 2.Nf3 g6 3.g3 Bg7 4.Bg2 O-O 5.Nc3 d6 6.d4 c5 7.O-O Nc6 8.dxc5 dxc5
9.Be3 Be6 10.Qa4 Nd4 11.Bxd4 cxd4 12.Nb5 Bd7 13.Qb3 Ne4 14.Rad1 Bxb5 15.Qxb5 Nd6  1/2-1/2

[Event "FRA-ch"]
[Site "Val Thorens"]
[Date "1988.??.??"]
[Round "3"]
[White "Lecuyer, Christian"]
[Black "Vareille, Francois"]
[Result "0-1"]
[WhiteElo "2320"]
[BlackElo "2280"]

1.Nf3 Nf6 2.c4 g6 3.g3 Bg7 4.Bg2 O-O 5.O-O d5 6.cxd5 Nxd5 7.Nc3 Nc6 8.Nxd5 Qxd5
9.d3 a5 10.Ng5 Qb5 11.a4 Qb6 12.Rb1 e5 13.b3 h6 14.Ne4 Be6 15.Ba3 Nb4 16.Qc1 Bg4
17.Re1 Rfd8 18.Bxb4 Qxb4 19.Qc4 Rd4 20.Qxb4 Rxb4 21.h3 Be6 22.Nc5 Bc8 23.Rec1 Bf8
24.Ne4 c6 25.Rc4 Be6 26.Rxb4 Bxb4 27.Nf6+ Kg7 28.Ng4 f6 29.Ne3 Ra6 30.g4 Bc5
31.Nc4 b5 32.Ne3 Bxe3 33.fxe3 Rb6 34.axb5 cxb5 35.b4 a4 36.Rc1 a3 37.Rc7+ Kf8
38.Ra7 a2 39.Ba8 Rb8 40.e4 Rc8  0-1

[Event "FRA-ch"]
[Site "Val Thorens"]
[Date "1988.??.??"]
[Round "4"]
[White "Adrian, Claude"]
[Black "Lecuyer, Christian"]
[Result "1/2-1/2"]
[WhiteElo "2210"]
[BlackElo "2320"]

1.Nf3 Nf6 2.c4 g6 3.g3 Bg7 4.Bg2 O-O 5.d4 d6 6.O-O Nc6 7.d5 Na5 8.Nfd2 c5
9.Nc3 e5 10.e4 Ne8 11.b3 f5 12.exf5 gxf5 13.Bb2 a6 14.Qc2 Rb8 15.Rae1 b5
16.f4 bxc4 17.bxc4 e4 18.Nd1 Bd4+ 19.Bxd4 cxd4 20.g4 e3 21.Nf3 Qb6 22.Qd3 Qc5
23.Qxd4 fxg4 24.Qxc5 dxc5 25.Ne5 Nd6 26.Nxe3 Rb2 27.Rf2 Rxf2 28.Kxf2 Rxf4+
29.Kg3 Rf8 30.Rb1 Re8 31.N3xg4 Bxg4 32.Nxg4 Re2 33.Rb6 Naxc4 34.Rxa6 Kg7
35.Bf1 Rd2 36.Bxc4 Nxc4 37.Ra4 Nd6 38.Ra7+ Kg6 39.Ne3 Nf5+ 40.Nxf5 Kxf5 41.a4 Rxd5
42.Rxh7 Rd3+ 43.Kf2 Ra3 44.Rh4 Ke5 45.Ke2 Kd5 46.Kd2 c4 47.a5 Kc5 48.Kc2 Kb4
49.Rh5 Rc3+ 50.Kd2 Rd3+  1/2-1/2

[Event "FRA-ch"]
[Site "Val Thorens"]
[Date "1988.??.??"]
[Round "12"]
[White "Adrian, Claude"]
[Black "Bernard, Christophe"]
[Result "1-0"]
[WhiteElo "2210"]
[BlackElo "2320"]

1.Nf3 Nf6 2.c4 g6 3.g3 Bg7 4.Bg2 O-O 5.O-O d6 6.d4 c6 7.Nc3 Bf5 8.Bf4 Ne4
9.Nxe4 Bxe4 10.Qd2 Nd7 11.Rac1 Nf6 12.Rfd1 Rc8 13.Bh6 Qb6 14.b3 c5 15.Bh3 Rcd8
16.Bxg7 Kxg7 17.d5 Bxf3 18.exf3 Rfe8 19.Re1 a5 20.Rc3 a4 21.Rce3 axb3 22.axb3 Qc7
23.f4 b5 24.f5 bxc4 25.bxc4 Ra8 26.Qe2 Ra7 27.g4 Qb6 28.g5 Ng8 29.f6+ Kf8
30.Qg4 Rea8 31.fxe7+ Rxe7 32.Rxe7 Nxe7 33.Qf4 Qb4 34.Rxe7 Qb1+ 35.Kg2 Kxe7
36.Qf6+ Kf8 37.Qh8+ Ke7 38.Qxa8 Qe4+ 39.Kg1 Qxc4 40.Qb7+ Kf8 41.Qb8+ Kg7
42.Qb2+ Kg8 43.Bg2 Qg4 44.Qb8+ Kg7 45.Qxd6  1-0

[Event "FRA-ch"]
[Site "Val Thorens"]
[Date "1988.??.??"]
[Round "13"]
[White "Miralles, Gilles"]
[Black "Moingt, Jean Claude"]
[Result "1-0"]
[WhiteElo "2405"]
[BlackElo "2180"]

1.Nf3 Nf6 2.c4 g6 3.g3 Bg7 4.Bg2 O-O 5.d4 d6 6.O-O c6 7.Nc3 Qa5 8.h3 Be6
9.Nd2 Qa6 10.d5 cxd5 11.cxd5 Bd7 12.Nb3 Rc8 13.e4 Ba4 14.Be3 Nbd7 15.Re1 Ne5
16.Bf1 Nc4 17.Qc1 b5 18.Nd4 Nxe3 19.Qxe3 Nd7 20.Nc6 Kf8 21.b3 Qb6 22.Rac1  1-0

[Event "Altensteig"]
[Site "Altensteig"]
[Date "1989.??.??"]
[Round "?"]
[White "Stangl, Markus"]
[Black "Lau, Ralf"]
[Result "1/2-1/2"]
[WhiteElo "2375"]
[BlackElo "2470"]

1.Nf3 Nf6 2.c4 g6 3.g3 Bg7 4.Bg2 O-O 5.d4 e6 6.O-O d5 7.Nc3 Nbd7 8.Qb3 c6
9.Bf4 Re8 10.Rfe1 Nb6 11.c5 Nbd7 12.Qc2 Nh5 13.Bd6 f5 14.Ne5 Nhf6 15.f3 Nxe5
16.Bxe5 b6 17.b4 bxc5 18.bxc5 Qa5 19.Qd2 Nd7 20.Bxg7 Kxg7 21.e4 Ba6 22.exd5 exd5
23.Re3 Nf6 24.Rae1  1/2-1/2

[Event "EU-ch U20"]
[Site "Arnhem"]
[Date "1989.??.??"]
[Round "?"]
[White "Stefansson, Hannes"]
[Black "Ruxton, Keith"]
[Result "1-0"]
[WhiteElo "2470"]
[BlackElo "2325"]

1.Nf3 Nf6 2.c4 g6 3.g3 Bg7 4.Bg2 O-O 5.O-O d6 6.Nc3 c6 7.d4 Qa5 8.h3 Be6
9.d5 cxd5 10.Nd4 dxc4 11.Bxb7 Nbd7 12.Bxa8 Rxa8 13.Nxe6 fxe6 14.Bd2 Qf5 15.g4 Qc5
16.Be3 Qc7 17.Rc1 Rb8 18.b3 d5 19.g5 Nh5 20.Nxd5 exd5 21.Qxd5+ Kh8 22.Rxc4 Qb7
23.Qxb7 Rxb7 24.Rc8+ Nf8 25.Rfc1  1-0

[Event "Athens Akropolis"]
[Site "Athens"]
[Date "1989.??.??"]
[Round "?"]
[White "Velikov, Petar"]
[Black "Haritakis, Theodoros"]
[Result "1-0"]
[WhiteElo "2465"]
[BlackElo "2215"]

1.Nf3 Nf6 2.c4 g6 3.g3 Bg7 4.Bg2 O-O 5.O-O d6 6.d4 Nbd7 7.Qc2 c6 8.Rd1 a6
9.b3 Qc7 10.e4 b6 11.h3 Bb7 12.Be3 c5 13.Nc3 cxd4 14.Nxd4 Rfc8 15.Rac1 e6
16.Qb1 Rd8 17.Rc2 Rac8 18.Rcd2 Qb8 19.Nde2 Ne8 20.Bg5 Ndf6 21.Bf4 h6 22.g4 g5
23.Bg3 h5 24.f3 hxg4 25.hxg4 Ba8 26.Qd3 Qb7 27.Qe3 e5 28.Qxg5 Qc7 29.Bf2 Rd7
30.Ng3 Kf8 31.Nf5  1-0

[Event "Belfort op"]
[Site "Belfort"]
[Date "1989.??.??"]
[Round "3"]
[White "Pytel, Krzysztof"]
[Black "Georgiev, Krum"]
[Result "1-0"]
[WhiteElo "2390"]
[BlackElo "2485"]

1.Nf3 Nf6 2.c4 g6 3.g3 Bg7 4.Bg2 O-O 5.O-O d6 6.d4 c6 7.Nc3 a6 8.e4 Nfd7
9.Be3 b5 10.cxb5 axb5 11.Qd2 Nb6 12.b3 Bb7 13.Bh6 N8d7 14.Rfe1 e5 15.Bxg7 Kxg7
16.a4 Qe7 17.a5 Nc8 18.d5 Nc5 19.dxc6 Bxc6 20.Nd5 Qb7 21.Qe3 f6 22.Nd2 f5
23.Nb4 f4 24.Qc3 Ne7 25.Nd3 Ne6 26.Nf3 Rf6 27.Nfxe5 dxe5 28.Nxe5 fxg3 29.hxg3 Qa7
30.Re3 b4 31.Qxb4 Rb8 32.Qc3 Nd4 33.b4 Bb5 34.Qb2 Rc8 35.Rd1 Rd6 36.Rd2 Kg8
37.Ng4 Rcd8 38.Kh1 h5 39.e5 hxg4 40.exd6 Rxd6 41.Rxe7 Qxe7 42.Rxd4 Qe5 43.Qb3+ Re6
44.Rxg4 Kf8 45.Rf4+ Ke7 46.Qxe6+  1-0

[Event "GMA-qual"]
[Site "Belgorod"]
[Date "1989.??.??"]
[Round "?"]
[White "Godes, Dmitry R"]
[Black "Tseitlin, Mark D"]
[Result "1/2-1/2"]
[WhiteElo "2410"]
[BlackElo "2430"]

1.Nf3 Nf6 2.c4 g6 3.g3 Bg7 4.Bg2 O-O 5.O-O c6 6.Nc3 d5 7.cxd5 cxd5 8.d4 Ne4
9.Nxe4 dxe4 10.Ng5 Qxd4 11.Qxd4 Bxd4 12.Rd1 Nc6 13.Bxe4 Bg7 14.Rb1 h6 15.Nf3 Be6
16.b3 Nb4 17.Nd4 Rfd8 18.Be3 Bd5 19.Bxd5 Nxd5 20.Rbc1 e6 21.Nf3 Nxe3 22.fxe3 Bf6
23.Kf2 Kf8 24.e4 Ke8 25.Rxd8+ Kxd8 26.Ne1 Rc8 27.Rxc8+ Kxc8 28.Nd3 Kd7 29.e5 Be7
30.e4 Kc6 31.h3 Bc5+ 32.Kf3 Bd4 33.Ke2 a5 34.a4  1/2-1/2

[Event "Belgrade op"]
[Site "Belgrade"]
[Date "1989.??.??"]
[Round "1"]
[White "Kapetanovic, Armin"]
[Black "Ilic, Dragan"]
[Result "1-0"]
[WhiteElo "2375"]
[BlackElo "2400"]

1.Nf3 Nf6 2.c4 g6 3.g3 Bg7 4.Bg2 O-O 5.O-O d6 6.Nc3 c5 7.d4 Nc6 8.d5 Na5
9.Nd2 a6 10.Qc2 Rb8  1-0

[Event "Belgrade op"]
[Site "Belgrade"]
[Date "1989.??.??"]
[Round "2"]
[White "Lalic, Dragan"]
[Black "Markovic, Milovan"]
[Result "1/2-1/2"]
[WhiteElo "2325"]
[BlackElo "2270"]

1.Nf3 Nf6 2.c4 g6 3.g3 Bg7 4.Bg2 O-O 5.O-O d6 6.d4 Nbd7 7.Qc2 e5 8.Rd1 Qe7
9.Nc3 c6 10.b3 Re8 11.d5 cxd5 12.cxd5 Nc5 13.e4 Bd7 14.b4 Na6 15.Qb3 Ng4
16.h3 Nh6 17.Be3 f5 18.b5 Nb8 19.Rac1 Nf7 20.Ne2 Rc8 21.Rxc8+ Bxc8 22.Rc1 Nd7
23.Qc4 Nb6 24.Qb3 Bh6 25.Bxh6 Nxh6 26.Nd2 Bd7 27.a4 Rc8 28.a5 Rxc1+ 29.Nxc1 Nc8
30.b6 axb6 31.axb6 Qg5 32.Qb4 Nf7 33.Ncb3 fxe4 34.Nc4 Qe7 35.Nbd2 Ng5 36.h4 Nf3+
37.Nxf3 exf3 38.Bxf3 Bf5 39.Qa3 Kg7 40.Qe3 Bd7 41.Na5 Bb5 42.Bg4 Bd7 43.Be2 Qd8
44.Nc4 Bb5 45.Nxd6 Qxd6  1/2-1/2

[Event "Belgrade op"]
[Site "Belgrade"]
[Date "1989.??.??"]
[Round "3"]
[White "Antanaskovic, P."]
[Black "Kapetanovic, Armin"]
[Result "0-1"]
[WhiteElo "2310"]
[BlackElo "2375"]

1.Nf3 Nf6 2.c4 g6 3.g3 Bg7 4.Bg2 O-O 5.O-O c5 6.Nc3 Nc6 7.b3 d5 8.cxd5 Nxd5
9.Bb2 b6 10.Rc1 Bb7 11.d3 Nc7 12.Qd2 e5 13.Qe3 Nd4 14.Ba3 Re8 15.Rfe1 f5
16.Kh1 Qf6 17.Qg5 Bxf3  0-1